00616 2200229 4500001002100000005001500021035002000036245007900056100001700135250000600152300003600158260004300194082000800237084001400245020002200259650002000281990001700301990001700318990001700335990001700352990001700369INLIS00000000000017720180905015358 a0010-09180000311 aPuisi Indonesia Sebelum Kemerdekaan :bSebuah Catatan Awal /cDendy Sugono0 aDendy Sugono a- aix, 140 hlm. :bilus. ;c21 cm. aBandung :bPT Remaja Rosdakarya,c2009 a811 a811 DEN p a978-979-692-293-2 aPuisi Indonesia a00755/P/2018 a00756/P/2018 a00757/P/2018 a00758/P/2018 a00810/P/2018